| 000 | 00500pab a2200181 454500 | ||
|---|---|---|---|
| 008 | 180718b1998 xxu||||| |||| 00| 0 eng d | ||
| 100 | _aBanerjee, Sikata | ||
| 245 | _aPolitical secularization and the future of secular democracy in India | ||
| 260 | _c1998 | ||
| 300 | _ap.907-27 | ||
| 362 | _aOct | ||
| 650 | _aSecularism - India | ||
| 650 | _aDemocracy - India | ||
| 650 | _aIndia - Politics and government | ||
| 650 | _aPolitics and government | ||
| 773 | _aAsian Survey | ||
| 909 | _a40162 | ||
| 999 |
_c40162 _d40162 |
||